000 008430000a22002530004500
003 LK-CoMWRAF
005 20231125105510.0
008 230817t1977 ||||| |||| 00| 0 eng d
040 _aLK-CoMWRAF
_dLK-CoMWRAF
_eLK-CoMWRAF
041 _aeng
082 _a301.412
_bROJ
100 _aRojas-Aleta, Isabel
245 _aA Profile of Filipino women:
_btheir status and role
260 _aManila:
_bPhilippine Business for Social Progress,
_c1977
300 _axxvii, 400 p. ; 27 cm.
_bBibliography included
650 _aWomen--Philippines--Social conditions
650 _aWomen--Philippines--Economic conditions
650 _aWomen--Philippines--Societies and clubs
650 _a Sex role.
700 _aSilva, Teresita L.
700 _aEleazar, Christine P.
856 _uhttps://pdf.usaid.gov/pdf_docs/PNAAX060.pdf
942 _cBK
999 _c1221
_d1221